[Event "Montreal Mercredi 02"]
[Site "Montreal CAN"]
[Date "2007.02.21"]
[Round "1"]
[White "Lalonde, Paul"]
[Black "Millette, Sylvain"]
[Result "1/2-1/2"]
[WhiteElo "1836"]
[BlackElo "1591"]
[PlyCount "126"]
[GameId "2160767910718309"]
[EventDate "2007.02.21"]
[EventType "swiss"]
[EventRounds "5"]
[EventCountry "CAN"]
[SourceTitle "EXT 2022"]
[Source "ChessBase"]
[SourceDate "2021.10.06"]
[SourceVersion "1"]
[SourceVersionDate "2021.10.06"]
[SourceQuality "1"]

1. e4 Nf6 2. e5 Nd5 3. d4 d6 4. Nf3 Bg4 5. Bc4 dxe5 6. dxe5 e6 7. O-O c6 8. Nbd2 Nd7 9. Re1 Qc7 10. Qe2 Bc5 11. Ne4 Bxf3 12. Qxf3 Qxe5 13. Bg5 Qd4 14. Bxd5 cxd5 15. Nc3 Ne5 16. Qg3 Ng4 17. Bh4 Nxf2 18. Qxf2 Qc4 19. Re3 Bxe3 20. Qxe3 d4 21. Qg5 O-O 22. Ne4 f6 23. Qg3 Qxc2 24. Nxf6+ Kh8 25. Nd7 d3 26. Nxf8 d2 27. Qf3 Qc1+ 28. Qf1 Rc8 29. Bg5 Qc5+ 30. Kh1 Rxf8 31. Bxd2 Rxf1+ 32. Rxf1 h6 33. h3 b5 34. a3 e5 35. Bc3 Qe7 36. Bb4 Qe6 37. Rf8+ Kh7 38. Ra8 Qd7 39. Bc5 Qc7 40. Be3 a5 41. Ra7 Qc2 42. Rxa5 Qxb2 43. Bc5 Qc1+ 44. Bg1 e4 45. Rxb5 Qxa3 46. Re5 Qd3 47. Re8 Kg6 48. Re6+ Kf7 49. Re5 Kf6 50. Re8 g5 51. Bf2 h5 52. Bg1 g4 53. hxg4 hxg4 54. Rf8+ Kg7 55. Re8 g3 56. Re5 Kf6 57. Re8 Qd2 58. Rh8 e3 59. Re8 Qd7 60. Rh8 e2 61. Rf8+ Kg7 62. Rf1 exf1=B 63. Bd4+ Qxd4 1/2-1/2

[Event "Montreal Mercredi 02"]
[Site "Montreal CAN"]
[Date "2007.02.21"]
[Round "1"]
[White "Poschmann, Jeremie"]
[Black "Messier, Samuel"]
[Result "1-0"]
[WhiteElo "1791"]
[BlackElo "1649"]
[PlyCount "65"]
[GameId "2160767910718310"]
[EventDate "2007.02.21"]
[EventType "swiss"]
[EventRounds "5"]
[EventCountry "CAN"]
[SourceTitle "EXT 2022"]
[Source "ChessBase"]
[SourceDate "2021.10.06"]
[SourceVersion "1"]
[SourceVersionDate "2021.10.06"]
[SourceQuality "1"]

1. d4 Nf6 2. c4 e6 3. g3 d5 4. Bg2 c6 5. Qc2 Nbd7 6. Nf3 Be7 7. Nbd2 O-O 8. O-O Re8 9. Re1 Bf8 10. e4 dxe4 11. Nxe4 Nxe4 12. Qxe4 Nf6 13. Qc2 b6 14. Ne5 Bb7 15. Nxc6 Qc7 16. Bf4 Bd6 17. Bxd6 Qxd6 18. c5 Qc7 19. Ne5 Bxg2 20. Kxg2 Red8 21. Nf3 Rac8 22. b4 Qc6 23. Red1 Nd5 24. Rab1 b5 25. Rb3 g5 26. Kg1 h6 27. a3 Kg7 28. Qe2 f6 29. Nd2 Rg8 30. Ne4 f5 31. Nd6 Nf4 32. Qe5+ Kh7 33. d5 1-0

[Event "Montreal Mercredi 02"]
[Site "Montreal CAN"]
[Date "2007.02.21"]
[Round "1"]
[White "Pregent, Daniel"]
[Black "Katch, Gary"]
[Result "1-0"]
[WhiteElo "1788"]
[BlackElo "1738"]
[PlyCount "53"]
[GameId "2160767910718311"]
[EventDate "2007.02.21"]
[EventType "swiss"]
[EventRounds "5"]
[EventCountry "CAN"]
[SourceTitle "EXT 2022"]
[Source "ChessBase"]
[SourceDate "2021.10.06"]
[SourceVersion "1"]
[SourceVersionDate "2021.10.06"]
[SourceQuality "1"]

1. d4 d5 2. c4 e6 3. Nc3 Be7 4. e3 Nf6 5. Nf3 O-O 6. Bd3 b6 7. cxd5 exd5 8. O-O Bg4 9. e4 dxe4 10. Nxe4 Nd5 11. h3 Bh5 12. Ng3 Bg6 13. Ne5 Bxd3 14. Qxd3 Nb4 15. Qc4 c5 16. Nf5 cxd4 17. a3 Bf6 18. Bf4 Nd5 19. Bh2 Ne7 20. Nxd4 Qd5 21. Qxd5 Nxd5 22. Rfd1 Bxe5 23. Bxe5 Nf6 24. Nf5 Nc6 25. Bxf6 gxf6 26. Rd6 Rac8 27. Rxc6 1-0

[Event "Montreal Mercredi 02"]
[Site "Montreal CAN"]
[Date "2007.02.21"]
[Round "1"]
[White "Teasdale, Alain"]
[Black "Rohani, Farzan"]
[Result "1-0"]
[WhiteElo "1475"]
[BlackElo "1473"]
[PlyCount "71"]
[GameId "2160767910718312"]
[EventDate "2007.02.21"]
[EventType "swiss"]
[EventRounds "5"]
[EventCountry "CAN"]
[SourceTitle "EXT 2022"]
[Source "ChessBase"]
[SourceDate "2021.10.06"]
[SourceVersion "1"]
[SourceVersionDate "2021.10.06"]
[SourceQuality "1"]

1. e4 g6 2. d4 Bg7 3. f4 d6 4. Nf3 Bg4 5. Be2 Nf6 6. Nc3 O-O 7. h3 Bxf3 8. Bxf3 Nbd7 9. e5 Ne8 10. Bxb7 Rb8 11. Bf3 c5 12. dxc5 Nxc5 13. Be3 Qb6 14. Nd5 Qd8 15. Rb1 Nc7 16. O-O Nxd5 17. Bxd5 Qc7 18. exd6 Qxd6 19. c3 e6 20. Bf3 Nd3 21. Be2 Rfd8 22. Qc2 e5 23. fxe5 Qxe5 24. Bxa7 Nf4 25. Rxf4 Qxf4 26. Bxb8 Rxb8 27. Bf3 Be5 28. c4 Qh2+ 29. Kf1 Bd4 30. Ke2 Re8+ 31. Kd3 Qe5 32. Qe2 Qf5+ 33. Be4 Qd7 34. Qf3 Kg7 35. Bc6 Re3+ 36. Qxe3 1-0

[Event "Montreal Mercredi 02"]
[Site "Montreal CAN"]
[Date "2007.02.21"]
[Round "1"]
[White "Tremblay, Alain"]
[Black "Forget, Luc"]
[Result "1/2-1/2"]
[WhiteElo "2051"]
[BlackElo "1958"]
[PlyCount "105"]
[GameId "2160767910718313"]
[EventDate "2007.02.21"]
[EventType "swiss"]
[EventRounds "5"]
[EventCountry "CAN"]
[SourceTitle "EXT 2022"]
[Source "ChessBase"]
[SourceDate "2021.10.06"]
[SourceVersion "1"]
[SourceVersionDate "2021.10.06"]
[SourceQuality "1"]

1. e4 c6 2. d4 d5 3. Nc3 dxe4 4. Nxe4 Bf5 5. Ng3 Bg6 6. h4 h6 7. h5 Bh7 8. Nf3 Nd7 9. Bd3 Bxd3 10. Qxd3 e6 11. Bd2 Qc7 12. O-O-O Ngf6 13. Ne4 Be7 14. c4 O-O-O 15. Nxf6 Bxf6 16. Qe4 Rhe8 17. Bf4 Qa5 18. Kb1 Qf5 19. Qxf5 exf5 20. Rhe1 Re4 21. Rxe4 fxe4 22. Nd2 Re8 23. Re1 Kd8 24. Rxe4 Rxe4 25. Nxe4 Bxd4 26. f3 Nc5 27. Nd6 Kd7 28. Nxf7 Nd3 29. Bg3 Nxb2 30. Kc2 c5 31. Nd6 Kc6 32. Nb5 Nxc4 33. Nxd4+ cxd4 34. Kd3 Kd5 35. Bb8 a5 36. f4 a4 37. g4 a3 38. g5 Ne3 39. Be5 Nf5 40. Bc7 hxg5 41. fxg5 b5 42. Bb6 b4 43. h6 gxh6 44. gxh6 Nxh6 45. Bxd4 Nf5 46. Bf2 Nd6 47. Bd4 Nb7 48. Bf6 Nc5+ 49. Kc2 Kc4 50. Kb1 Ne4 51. Bg7 Nc3+ 52. Ka1 Ne2 53. Bf8 1/2-1/2

[Event "Montreal Mercredi 02"]
[Site "Montreal CAN"]
[Date "2007.02.28"]
[Round "2"]
[White "Gauthier, Luc"]
[Black "Godin, Patrick"]
[Result "1-0"]
[WhiteElo "1572"]
[BlackElo "1277"]
[PlyCount "115"]
[GameId "2160767910718315"]
[EventDate "2007.02.21"]
[EventType "swiss"]
[EventRounds "5"]
[EventCountry "CAN"]
[SourceTitle "EXT 2022"]
[Source "ChessBase"]
[SourceDate "2021.10.06"]
[SourceVersion "1"]
[SourceVersionDate "2021.10.06"]
[SourceQuality "1"]

1. e4 c5 2. Nc3 Nc6 3. f4 d6 4. Nf3 g6 5. Bb5 Bg7 6. O-O a6 7. Bxc6+ bxc6 8. d3 Bg4 9. h3 Bd7 10. Qe1 Qc8 11. Kh2 h5 12. e5 d5 13. Na4 Qc7 14. Nxc5 Bc8 15. d4 f6 16. exf6 Bxf6 17. Ne5 Bf5 18. c3 Bxe5 19. Qxe5 Qxe5 20. fxe5 e6 21. Bg5 Nh6 22. Bxh6 Rxh6 23. b4 g5 24. Kg1 h4 25. a4 g4 26. hxg4 Bxg4 27. Nb7 Rh7 28. Nd6+ Ke7 29. Rf4 Rg8 30. Raf1 h3 31. Rf7+ Rxf7 32. Rxf7+ Kd8 33. Ra7 Rg6 34. g3 Be2 35. Kh2 Bf1 36. Ra8+ Kc7 37. Rc8+ Kd7 38. Rf8 Bg2 39. Rf7+ Kd8 40. Rf6 Rg7 41. Rxe6 Bf3 42. Re8+ Kd7 43. Rf8 Bh5 44. Rf6 Bg4 45. Rf7+ Rxf7 46. Nxf7 Bd1 47. a5 Ke6 48. Ng5+ Kf5 49. Nxh3 Ke4 50. Nf4 Bg4 51. e6 Ke3 52. e7 Bd7 53. Nh5 Be8 54. Nf6 Bf7 55. e8=Q+ Bxe8 56. Nxe8 Kd3 57. g4 Ke4 58. Kh3 1-0

[Event "Montreal Mercredi 02"]
[Site "Montreal CAN"]
[Date "2007.02.28"]
[Round "2"]
[White "Gilman, Arkadiy"]
[Black "Tremblay, Alain"]
[Result "1-0"]
[WhiteElo "2104"]
[BlackElo "2051"]
[PlyCount "85"]
[GameId "2160767910718316"]
[EventDate "2007.02.21"]
[EventType "swiss"]
[EventRounds "5"]
[EventCountry "CAN"]
[SourceTitle "EXT 2022"]
[Source "ChessBase"]
[SourceDate "2021.10.06"]
[SourceVersion "1"]
[SourceVersionDate "2021.10.06"]
[SourceQuality "1"]

1. d4 d5 2. c4 c6 3. Nc3 Nf6 4. cxd5 cxd5 5. Bf4 Nc6 6. Nf3 Qb6 7. Na4 Qa5+ 8. Bd2 Qc7 9. Rc1 Ne4 10. Ne5 f6 11. Nxc6 bxc6 12. e3 e6 13. Bd3 f5 14. Qc2 Nxd2 15. Kxd2 Bb4+ 16. Ke2 Bd7 17. Nc5 Bxc5 18. Qxc5 Rb8 19. b4 Qb6 20. a3 Rb7 21. Qd6 Qc7 22. Qxc7 Rxc7 23. Rc5 Ke7 24. Rhc1 Kd6 25. f3 Bc8 26. b5 Bb7 27. e4 fxe4 28. fxe4 dxe4 29. Bxe4 Rhc8 30. h4 h6 31. h5 a6 32. a4 axb5 33. axb5 Ra8 34. Bf3 Ra2+ 35. Ke3 Ra3+ 36. Kf2 Ra4 37. bxc6 Ba8 38. d5 e5 39. R5c4 Ra5 40. Rg4 e4 41. Rxe4 Rxd5 42. Re8 Ra5 43. Rd1+ 1-0

[Event "Montreal Mercredi 02"]
[Site "Montreal CAN"]
[Date "2007.02.28"]
[Round "2"]
[White "Lalonde, Paul"]
[Black "Poschmann, Jeremie"]
[Result "1-0"]
[WhiteElo "1836"]
[BlackElo "1791"]
[PlyCount "76"]
[GameId "2160767910718317"]
[EventDate "2007.02.21"]
[EventType "swiss"]
[EventRounds "5"]
[EventCountry "CAN"]
[SourceTitle "EXT 2022"]
[Source "ChessBase"]
[SourceDate "2021.10.06"]
[SourceVersion "1"]
[SourceVersionDate "2021.10.06"]
[SourceQuality "1"]

1. e4 e6 2. d4 d5 3. Nc3 Bb4 4. e5 c5 5. a3 Bxc3+ 6. bxc3 Qc7 7. Nf3 Ne7 8. Bd3 Bd7 9. O-O Ba4 10. c4 cxd4 11. cxd5 Nxd5 12. Nxd4 Nd7 13. Nxe6 fxe6 14. Qg4 Qxe5 15. Bd2 Nc5 16. Rfe1 Qd6 17. Bb4 Bd7 18. Qh5+ Kd8 19. c4 Nxb4 20. axb4 Nxd3 21. Red1 Qe5 22. Qf3 Nc5 23. bxc5 Kc7 24. Rab1 Rab8 25. Qf7 Rhd8 26. Qe7 Qf6 27. Qd6+ Kc8 28. Qg3 Bc6 29. Rxd8+ Qxd8 30. Qxg7 Qd3 31. Re1 Qg6 32. Qf8+ Qe8 33. Qd6 Bd7 34. f4 Qf7 35. Rd1 a5 36. Rd3 Ra8 37. Rg3 Ra6 38. Qd4 a4 1-0

[Event "Montreal Mercredi 02"]
[Site "Montreal CAN"]
[Date "2007.02.28"]
[Round "2"]
[White "Maharisoa, Tantely"]
[Black "Frangulian, Eric"]
[Result "1-0"]
[WhiteElo "1584"]
[BlackElo "1507"]
[PlyCount "65"]
[GameId "2160767910718318"]
[EventDate "2007.02.21"]
[EventType "swiss"]
[EventRounds "5"]
[EventCountry "CAN"]
[SourceTitle "EXT 2022"]
[Source "ChessBase"]
[SourceDate "2021.10.06"]
[SourceVersion "1"]
[SourceVersionDate "2021.10.06"]
[SourceQuality "1"]

1. d4 Nf6 2. c4 g6 3. Nc3 Bg7 4. Nf3 d6 5. e4 O-O 6. Bd3 Nbd7 7. O-O e5 8. d5 Nc5 9. Bc2 Nh5 10. b4 Nxe4 11. Nxe4 f5 12. Bg5 Qe8 13. Ng3 Nxg3 14. hxg3 e4 15. Nd4 Qe5 16. Be3 Bd7 17. Nb3 Qc3 18. Bd4 Bxd4 19. Nxd4 Qxc4 20. Ne6 Bxe6 21. dxe6 Rae8 22. Bb3 Qxb4 23. e7+ Rf7 24. Bxf7+ Kxf7 25. Qd5+ Kxe7 26. Rab1 Qc5 27. Qxc5 dxc5 28. Rxb7 Kd6 29. Rxa7 Re7 30. Ra6+ Kd5 31. Rd1+ Kc4 32. a4 Kb3 33. Rc6 1-0

[Event "Montreal Mercredi 02"]
[Site "Montreal CAN"]
[Date "2007.02.28"]
[Round "2"]
[White "Menard, Dominic"]
[Black "Forget, Luc"]
[Result "1-0"]
[WhiteElo "2039"]
[BlackElo "1958"]
[PlyCount "89"]
[GameId "2160767910718319"]
[EventDate "2007.02.21"]
[EventType "swiss"]
[EventRounds "5"]
[EventCountry "CAN"]
[SourceTitle "EXT 2022"]
[Source "ChessBase"]
[SourceDate "2021.10.06"]
[SourceVersion "1"]
[SourceVersionDate "2021.10.06"]
[SourceQuality "1"]

1. d4 Nf6 2. c4 e6 3. Nf3 b6 4. Nc3 Bb7 5. Bg5 h6 6. Bh4 Bb4 7. e3 g5 8. Bg3 Ne4 9. Qc2 Bxc3+ 10. bxc3 d6 11. Bd3 f5 12. d5 Qf6 13. Bxe4 fxe4 14. Qxe4 Nd7 15. O-O Nc5 16. Qd4 O-O 17. h4 Qxd4 18. cxd4 Ne4 19. dxe6 g4 20. Nh2 h5 21. Rac1 Rfe8 22. d5 Rac8 23. Bf4 b5 24. Rfd1 b4 25. f3 gxf3 26. gxf3 Nc3 27. Rd2 a5 28. Rg2+ Kh7 29. e4 Ba6 30. Rcc2 Rg8 31. Bd2 Rxg2+ 32. Kxg2 Nb1 33. c5 dxc5 34. e5 Nxd2 35. Rxd2 Bc4 36. Nf1 Bxf1+ 37. Kxf1 Kg6 38. e7 Kf7 39. d6 cxd6 40. exd6 Rb8 41. Rd5 c4 42. Rf5+ Ke6 43. Rf8 Kxd6 44. Rxb8 Kxe7 45. Rb5 1-0

[Event "Montreal Mercredi 02"]
[Site "Montreal CAN"]
[Date "2007.02.28"]
[Round "2"]
[White "Messier, Samuel"]
[Black "Pregent, Daniel"]
[Result "0-1"]
[WhiteElo "1649"]
[BlackElo "1788"]
[PlyCount "116"]
[GameId "2160767910718320"]
[EventDate "2007.02.21"]
[EventType "swiss"]
[EventRounds "5"]
[EventCountry "CAN"]
[SourceTitle "EXT 2022"]
[Source "ChessBase"]
[SourceDate "2021.10.06"]
[SourceVersion "1"]
[SourceVersionDate "2021.10.06"]
[SourceQuality "1"]

1. e4 c6 2. d4 d5 3. Nc3 dxe4 4. Nxe4 Bf5 5. Ng3 Bg6 6. h4 h6 7. Nf3 Nd7 8. h5 Bh7 9. Bd3 Bxd3 10. Qxd3 Qc7 11. Bd2 e6 12. O-O-O Ngf6 13. Ne4 O-O-O 14. c4 c5 15. g3 Nxe4 16. Qxe4 Nf6 17. Qd3 cxd4 18. Rh4 e5 19. Qf5+ Nd7 20. Kb1 f6 21. Re4 Kb8 22. Rc1 Nc5 23. Ree1 e4 24. Rxe4 Nxe4 25. Qxe4 Qc6 26. Qxc6 bxc6 27. Kc2 c5 28. Kd3 Bd6 29. Nh4 Rhe8 30. Nf5 Bf8 31. Rd1 Kb7 32. Re1 Kc6 33. Rb1 Rd7 34. Rf1 Rb7 35. Bc1 a5 36. Rg1 a4 37. Rh1 Reb8 38. Bf4 Re8 39. Bc1 Rb4 40. Rg1 Reb8 41. Re1 Kd7 42. Rf1 Rxb2 43. Bxb2 Rxb2 44. f4 Rxa2 45. Rb1 Ra3+ 46. Kc2 Rc3+ 47. Kd2 Rb3 48. Ra1 a3 49. Ra2 Kc6 50. Kc2 Rc3+ 51. Kd2 Kb6 52. Nh4 Rxg3 53. Ke2 Rb3 54. Nf3 Bd6 55. Nd2 Re3+ 56. Kf2 Bxf4 57. Nb1 Rh3 58. Kg1 Bc1 0-1

[Event "Montreal Mercredi 02"]
[Site "Montreal CAN"]
[Date "2007.02.28"]
[Round "2"]
[White "Millette, Sylvain"]
[Black "Katch, Gary"]
[Result "0-1"]
[WhiteElo "1591"]
[BlackElo "1738"]
[PlyCount "52"]
[GameId "2160767910718321"]
[EventDate "2007.02.21"]
[EventType "swiss"]
[EventRounds "5"]
[EventCountry "CAN"]
[SourceTitle "EXT 2022"]
[Source "ChessBase"]
[SourceDate "2021.10.06"]
[SourceVersion "1"]
[SourceVersionDate "2021.10.06"]
[SourceQuality "1"]

1. Nf3 d5 2. g3 Nf6 3. Bg2 Bf5 4. O-O e6 5. d3 Be7 6. Nbd2 O-O 7. Qe1 h6 8. e4 Bh7 9. b3 Nc6 10. exd5 exd5 11. Bb2 Re8 12. Qd1 Qd7 13. Ne5 Nxe5 14. Bxe5 c6 15. Nf3 Ng4 16. Re1 Nxe5 17. Nxe5 Qc7 18. c3 Ba3 19. Nf3 Bb2 20. Rb1 Bxc3 21. Rxe8+ Rxe8 22. Qc2 d4 23. Kf1 Qa5 24. a4 Qf5 25. Rd1 g5 26. Ng1 Qxd3+ 0-1

[Event "Montreal Mercredi 02"]
[Site "Montreal CAN"]
[Date "2007.02.28"]
[Round "2"]
[White "Neumark-Gaudet, Zev"]
[Black "Chesnut, Walter"]
[Result "1-0"]
[WhiteElo "1493"]
[BlackElo "1413"]
[PlyCount "37"]
[GameId "2160767910718322"]
[EventDate "2007.02.21"]
[EventType "swiss"]
[EventRounds "5"]
[EventCountry "CAN"]
[SourceTitle "EXT 2022"]
[Source "ChessBase"]
[SourceDate "2021.10.06"]
[SourceVersion "1"]
[SourceVersionDate "2021.10.06"]
[SourceQuality "1"]

1. d4 d5 2. c4 c6 3. Nc3 Nf6 4. Bg5 dxc4 5. a4 Bf5 6. Bxf6 exf6 7. e4 Bg6 8. Bxc4 Bb4 9. Qd3 Nd7 10. Nge2 h6 11. O-O O-O 12. f4 Nb6 13. Bb3 Nd5 14. Nxd5 cxd5 15. f5 dxe4 16. Qxe4 Bh5 17. Ng3 Re8 18. Qd3 g6 19. fxg6 1-0

[Event "Montreal Mercredi 02"]
[Site "Montreal CAN"]
[Date "2007.02.28"]
[Round "2"]
[White "Savard, Alain"]
[Black "Landry, Martin"]
[Result "1/2-1/2"]
[WhiteElo "1539"]
[BlackElo "1518"]
[PlyCount "66"]
[GameId "2160767910718323"]
[EventDate "2007.02.21"]
[EventType "swiss"]
[EventRounds "5"]
[EventCountry "CAN"]
[SourceTitle "EXT 2022"]
[Source "ChessBase"]
[SourceDate "2021.10.06"]
[SourceVersion "1"]
[SourceVersionDate "2021.10.06"]
[SourceQuality "1"]

1. e4 c5 2. Nf3 d6 3. d4 cxd4 4. c3 Nf6 5. e5 dxe5 6. Nxe5 e6 7. Bb5+ Nbd7 8. Qxd4 Be7 9. Nd2 O-O 10. Ne4 Nxe5 11. Qxe5 Qd5 12. Nxf6+ Bxf6 13. Qxd5 exd5 14. Be3 Be6 15. O-O a6 16. Be2 b5 17. a3 Rab8 18. Rfd1 a5 19. Bd4 Be7 20. Be5 Rb7 21. Bf3 Rd7 22. Rd3 b4 23. axb4 axb4 24. Rad1 bxc3 25. Bxc3 Ra8 26. Kf1 Rad8 27. Ke1 h6 28. g3 Bc5 29. Bd4 Bb4+ 30. Bc3 Bc5 31. Bd4 Bb4+ 32. Bc3 Bc5 33. Bd4 Bb4+ 1/2-1/2

[Event "Montreal Mercredi 02"]
[Site "Montreal CAN"]
[Date "2007.03.07"]
[Round "3"]
[White "Bergeron, Rene"]
[Black "Rohani, Farzan"]
[Result "1/2-1/2"]
[WhiteElo "1447"]
[BlackElo "1473"]
[PlyCount "102"]
[GameId "2160767910718324"]
[EventDate "2007.02.21"]
[EventType "swiss"]
[EventRounds "5"]
[EventCountry "CAN"]
[SourceTitle "EXT 2022"]
[Source "ChessBase"]
[SourceDate "2021.10.06"]
[SourceVersion "1"]
[SourceVersionDate "2021.10.06"]
[SourceQuality "1"]

1. e4 g6 2. c3 d5 3. e5 Bg7 4. d4 f6 5. Nf3 Bg4 6. exf6 Nxf6 7. Be2 Nc6 8. Ne5 Nxe5 9. dxe5 Bxe2 10. Qxe2 Nd7 11. e6 Nf6 12. Qb5+ c6 13. Qxb7 Qc8 14. Qxc8+ Rxc8 15. O-O O-O 16. Be3 c5 17. Nd2 Rc6 18. Nf3 Ne4 19. Nd2 Nxd2 20. Bxd2 Rxe6 21. Rae1 Rxe1 22. Rxe1 e5 23. Bg5 c4 24. Be7 Re8 25. Bc5 a5 26. b3 cxb3 27. axb3 Rc8 28. b4 axb4 29. cxb4 e4 30. Rd1 d4 31. Kf1 d3 32. f3 exf3 33. gxf3 Rd8 34. Kf2 Bh6 35. Be3 Bf8 36. b5 Bb4 37. f4 Rd5 38. b6 Bc5 39. Bxc5 Rxc5 40. Rxd3 Rb5 41. Rd6 Kf7 42. Rc6 Ke8 43. Rc8+ Kd7 44. Rc7+ Kd8 45. Rxh7 Rxb6 46. h4 Rf6 47. Kg3 Ke8 48. Kg4 Kf8 49. Kg5 Rf5+ 50. Kg4 Rf6 51. Ra7 Kg8 1/2-1/2

[Event "Montreal Mercredi 02"]
[Site "Montreal CAN"]
[Date "2007.03.07"]
[Round "3"]
[White "Chesnut, Walter"]
[Black "Teasdale, Alain"]
[Result "1-0"]
[WhiteElo "1413"]
[BlackElo "1475"]
[PlyCount "63"]
[GameId "2160767910718325"]
[EventDate "2007.02.21"]
[EventType "swiss"]
[EventRounds "5"]
[EventCountry "CAN"]
[SourceTitle "EXT 2022"]
[Source "ChessBase"]
[SourceDate "2021.10.06"]
[SourceVersion "1"]
[SourceVersionDate "2021.10.06"]
[SourceQuality "1"]

1. d4 d5 2. c4 c6 3. Nf3 Nf6 4. Nc3 Nbd7 5. Bg5 e6 6. Nd2 Be7 7. e3 h6 8. Bf4 Nf8 9. cxd5 cxd5 10. Bd3 a6 11. Rc1 Bd6 12. Bxd6 Qxd6 13. Qa4+ N8d7 14. Nb5 axb5 15. Qxa8 O-O 16. Rxc8 Rxc8 17. Qxc8+ Nf8 18. Qc5 Qa6 19. a3 Ne4 20. Qxb5 Qa7 21. Nxe4 dxe4 22. Bxe4 b6 23. O-O Qc7 24. Qc6 Qxc6 25. Bxc6 Nh7 26. Rc1 Nf6 27. f3 g6 28. Be4 Kg7 29. b4 Ne8 30. a4 f5 31. Bd3 Kf6 32. Rc6 1-0

[Event "Montreal Mercredi 02"]
[Site "Montreal CAN"]
[Date "2007.03.07"]
[Round "3"]
[White "Forget, Luc"]
[Black "Gilman, Arkadiy"]
[Result "1-0"]
[WhiteElo "1958"]
[BlackElo "2104"]
[PlyCount "57"]
[GameId "2160767910718326"]
[EventDate "2007.02.21"]
[EventType "swiss"]
[EventRounds "5"]
[EventCountry "CAN"]
[SourceTitle "EXT 2022"]
[Source "ChessBase"]
[SourceDate "2021.10.06"]
[SourceVersion "1"]
[SourceVersionDate "2021.10.06"]
[SourceQuality "1"]

1. d4 d5 2. c4 c6 3. Nf3 Nf6 4. Nc3 e6 5. g3 b6 6. Bg2 Ba6 7. cxd5 exd5 8. O-O Be7 9. Re1 O-O 10. Ne5 Bb7 11. a3 Nbd7 12. Bf4 Re8 13. Rc1 Nh5 14. e4 Nxf4 15. gxf4 Nf6 16. exd5 cxd5 17. Re3 Bf8 18. Qb3 Rc8 19. Rce1 Qd6 20. Nb5 Qb8 21. Bh3 Rcd8 22. Qa4 a6 23. Nc3 b5 24. Qd1 Qd6 25. Bg2 Bc8 26. b4 Be6 27. Qd3 Nh5 28. Ne2 Bg4 29. Nxg4 1-0

[Event "Montreal Mercredi 02"]
[Site "Montreal CAN"]
[Date "2007.03.07"]
[Round "3"]
[White "Godin, Patrick"]
[Black "Savard, Alain"]
[Result "0-1"]
[WhiteElo "1277"]
[BlackElo "1539"]
[PlyCount "78"]
[GameId "2160767910718327"]
[EventDate "2007.02.21"]
[EventType "swiss"]
[EventRounds "5"]
[EventCountry "CAN"]
[SourceTitle "EXT 2022"]
[Source "ChessBase"]
[SourceDate "2021.10.06"]
[SourceVersion "1"]
[SourceVersionDate "2021.10.06"]
[SourceQuality "1"]

1. e4 e6 2. d4 d5 3. exd5 exd5 4. Nf3 Nf6 5. Bd3 Bd6 6. O-O O-O 7. Bg5 Re8 8. h3 h6 9. Bh4 c6 10. Nbd2 Nbd7 11. c4 Qc7 12. cxd5 Nxd5 13. Nc4 Bf4 14. g3 g5 15. gxf4 gxh4 16. Nce5 Nxf4 17. Nxh4 Nxe5 18. dxe5 Qxe5 19. Qf3 Nxd3 20. Qxd3 Qg5+ 21. Kh2 Qf4+ 22. Qg3+ Qxg3+ 23. fxg3 Re2+ 24. Ng2 Be6 25. b3 Rd8 26. Kg1 Bxh3 27. Nf4 Bxf1 28. Kxf1 Rh2 29. Kg1 Rdd2 30. Re1 Rxa2 31. Re8+ Kg7 32. Re7 Rhb2 33. Nd3 Rb1+ 34. Ne1 Rxb3 35. Ng2 Rbb2 36. Ne1 Rb1 37. Kf1 Kf6 38. Re3 Raa1 39. Kf2 Rxe1 0-1

[Event "Montreal Mercredi 02"]
[Site "Montreal CAN"]
[Date "2007.03.07"]
[Round "3"]
[White "Katch, Gary"]
[Black "Messier, Samuel"]
[Result "1/2-1/2"]
[WhiteElo "1738"]
[BlackElo "1649"]
[PlyCount "70"]
[GameId "2160767910718328"]
[EventDate "2007.02.21"]
[EventType "swiss"]
[EventRounds "5"]
[EventCountry "CAN"]
[SourceTitle "EXT 2022"]
[Source "ChessBase"]
[SourceDate "2021.10.06"]
[SourceVersion "1"]
[SourceVersionDate "2021.10.06"]
[SourceQuality "1"]

1. e4 c6 2. d4 d5 3. exd5 cxd5 4. Bd3 Nc6 5. c3 Nf6 6. Bf4 Bg4 7. Qb3 Qd7 8. Nd2 e6 9. Ngf3 b6 10. O-O Na5 11. Qc2 a6 12. Ne5 Qc7 13. Ng6 Bd6 14. Bxd6 Qxd6 15. Nxh8 Qf8 16. Nxf7 Qxf7 17. Rae1 Kd7 18. f3 Bh5 19. Re3 b5 20. Nb3 Nxb3 21. Qxb3 Bg6 22. Rfe1 Bxd3 23. Rxd3 Nh5 24. Qc2 Qg6 25. Rd2 Qf6 26. Qxh7 Nf4 27. g3 Qg5 28. Kh1 Nh5 29. Rde2 Re8 30. Re5 Nxg3+ 31. hxg3 Qxg3 32. Qh5 Rh8 33. Qxh8 Qxf3+ 34. Kh2 Qf2+ 35. Kh3 Qf3+ 1/2-1/2

[Event "Montreal Mercredi 02"]
[Site "Montreal CAN"]
[Date "2007.03.07"]
[Round "3"]
[White "Levesque, Philippe"]
[Black "Neumark-Gaudet, Zev"]
[Result "0-1"]
[WhiteElo "1409"]
[BlackElo "1493"]
[PlyCount "198"]
[GameId "2160767910718330"]
[EventDate "2007.02.21"]
[EventType "swiss"]
[EventRounds "5"]
[EventCountry "CAN"]
[SourceTitle "EXT 2022"]
[Source "ChessBase"]
[SourceDate "2021.10.06"]
[SourceVersion "1"]
[SourceVersionDate "2021.10.06"]
[SourceQuality "1"]

1. e4 d5 2. exd5 Qxd5 3. Nc3 Qa5 4. Be2 Nf6 5. Nf3 Bf5 6. d3 c6 7. Bd2 Qc7 8. O-O e6 9. Qc1 Bd6 10. Re1 Nbd7 11. g3 O-O-O 12. Be3 Kb8 13. a4 h5 14. a5 a6 15. Na4 Nd5 16. c4 Nxe3 17. Qxe3 f6 18. c5 Be7 19. Nd4 Bh3 20. Bf1 Bxf1 21. Nxe6 Qc8 22. Nxd8 Bxd8 23. Kxf1 h4 24. gxh4 Ne5 25. Nb6 Qf5 26. Qe4 Qh3+ 27. Qg2 Qxd3+ 28. Kg1 Rxh4 29. Re3 Qf5 30. Rd1 Bc7 31. Rxe5 fxe5 32. f3 e4 33. h3 Rxh3 34. Kf1 Rxf3+ 35. Ke2 Rg3 36. Qh1 Qf3+ 37. Qxf3 exf3+ 38. Kf2 Rh3 39. b4 Bxb6 40. cxb6 Kc8 41. Rg1 Rh7 42. Kxf3 Kd7 43. Rg6 Ke7 44. Kf4 Kf7 45. Kg5 Rh1 46. Rd6 Ke7 47. Rd4 Rg1+ 48. Kh5 g6+ 49. Kh6 g5 50. Kh5 Ke6 51. Rd8 Kf5 52. Rf8+ Ke5 53. Rf7 Rb1 54. Rxb7 Rxb4 55. Kxg5 Rb5 56. Rc7 Kd6+ 57. Kf6 Rxa5 58. Ra7 Ra1 59. b7 Rf1+ 60. Kg5 Rb1 61. Kf5 Kd5 62. Rxa6 Rxb7 63. Ra3 Rf7+ 64. Kg6 Rf1 65. Rd3+ Kc4 66. Rg3 c5 67. Rg4+ Kb5 68. Rg5 Re1 69. Kf6 Kc4 70. Rg4+ Kd3 71. Rg5 c4 72. Rd5+ Kc2 73. Rc5 c3 74. Kf5 Kd2 75. Rd5+ Kc1 76. Kf4 Rd1 77. Rc5 Rd3 78. Ke4 Kd2 79. Rf5 c2 80. Rf2+ Kc3 81. Rf1 Rd1 82. Rf3+ Kb2 83. Rf2 Kb1 84. Rxc2 Kxc2 85. Ke5 Kc3 86. Ke6 Kc4 87. Ke5 Rd2 88. Ke6 Kc5 89. Ke5 Re2+ 90. Kf4 Kd4 91. Kf5 Re1 92. Kf6 Kd5 93. Kf5 Rf1+ 94. Kg4 Ke5 95. Kg3 Ke4 96. Kg4 Rg1+ 97. Kh5 Kf4 98. Kh6 Kf5 99. Kh7 Kf6 0-1